000 nam a22 7a 4500
999 _c9513
_d9513
008 180201b ||||| |||| 00| 0 eng d
100 _aRaman
_95699
245 _aMy window to computer learning -VIII
260 _aNew Delhi
_bBrainwaves Information Publication
_c2008